2022 Music by Lyrics - Statistics

General Stats
  • This quiz has been taken 66 times
  • The average score is 8 of 28
Answer Stats
Musical Act / Song % Correct
Taylor Swift
68%
Anti-Hero
65%
Lizzo
55%
We Don't Talk About Bruno
48%
Jack Harlow
45%
Imagine Dragons
43%
Harry Styles
42%
First Class
40%
Bones
38%
Encanto cast
38%
About Damn Time
37%
As It Was
35%
Megan Thee Stallion
35%
Golden Hour
33%
JVKE
28%
Bad Bunny
27%
Numb Little Bug
25%
Em Beihold
17%
Bad Habit
12%
Lil Uzi Vert
12%
Sam Smith
12%
Sweetest Pie
12%
Unholy
12%
Just Wanna Rock
10%
Steve Lacey
10%
Beyonce
7%
Break My Soul
7%
Me Porto Bonito
7%
No matching quizzes found
Score Distribution
Percent of People with Each Score
Percentile by Number Answered
Your Score History
You have not taken this quiz